On This Day: December 5th Quiz Stats

 Plays Quiz Updated Dec 5, 2017

Challenge
Share
Tweet
Embed
Score 0/7 Timer 03:00
0 Plays Today
Question Answer Wrong Answers
In a message to the United States Congress, President James K. Polk confirms that large amounts of gold have been discovered in ______.
1848
California
93.8%
Wisconsin
1.4%
Texas
3%
Missouri
1.3%
The final episode of Monty Python’s ______ airs on BBC TV.
1974
Flying Circus
93.3%
Floating Circus
3.1%
Soaring Circus
0.6%
Aerial Circus
1.1%
This man, who would eventually serve as the President of the Confederate States, is elected to the US Senate.
1847
Jefferson Davis
72%
Robert E. Lee
12.9%
Ulysses S. Grant
11.6%
Stonewall Jackson
3.5%
The Cathedral of Christ the Saviour in Moscow is destroyed on orders from ______.
1931
Joseph Stalin
69.2%
Vladimir Lenin
23.4%
Leon Trotsky
4.6%
Nikita Khrushchev
1.7%
This influential American singer-songwriter and pianist, known for hits like ‘Tutti Frutti’ and ‘Long Tall Sally’, is born.
1932
Little Richard
67.7%
Chuck Berry
17.6%
Fats Domino
7.2%
Buddy Holly
6%
Naval Commodore Frank Bainimarama overthrows the government in ______.
2006
Fiji
48.3%
Paraguay
22.3%
Azerbaijan
14.2%
Jamaica
13%
The 21st Amendment to the United States Constitution is ratified, repealing this prior Amendment that had mandated nationwide Prohibition on alcohol.
1933
18th
42.1%
19th
34.3%
20th
13%
16th
8.8%

Today's Daily Dose

Missing Word
Animated TV Series

Word Ladder
Boston

Quick Pick
'H' Literature

On This Day
August 16th II

You're not logged in!

Compare scores with friends on all Sporcle quizzes.
Join for Free
OR
Log In

You Might Also Like...

Show Comments

Extras

Top Quizzes Today


Score Distribution

Your Account Isn't Verified!

In order to create a playlist on Sporcle, you need to verify the email address you used during registration. Go to your Sporcle Settings to finish the process.

Report this User

Report this user for behavior that violates our Community Guidelines.

Details: